000 01275cam a22002054a 4500
020 _a0123850037 (pbk.)
020 _a9780123850034 (pbk.)
082 0 0 _a005.133
_bCHR
100 1 _aReddy, Martin.
_947867
245 1 0 _aBorland C++ Techniques & Utilities.
_cChristian, Kaare.:
260 _aBurlington, MA :
_bMorgan Kaufmann,
_c1994
500 _aMachine generated contents note: IntroductionChapter 1: QualitiesChapter 2: PatternsChapter 3: DesignChapter 4: StylesChapter 5: C++ UsageChapter 6: PerformanceChapter 7: VersioningChapter 8: DocumentationChapter 9: TestingChapter 10: ScriptingChapter 11: ExtensibilityAppendix A: LibrariesBibliographyIndex.
505 8 _aMachine generated contents note: IntroductionChapter 1: QualitiesChapter 2: PatternsChapter 3: DesignChapter 4: StylesChapter 5: C++ UsageChapter 6: PerformanceChapter 7: VersioningChapter 8: DocumentationChapter 9: TestingChapter 10: ScriptingChapter 11: ExtensibilityAppendix A: LibrariesBibliographyIndex.
526 _a0
_b0
_c0
_d005_133000000000000_CHR
650 0 _aApplication program interfaces (Computer software)
_947868
650 0 _aC++ (Computer program language)
_91810
650 0 _aMCE
_9379
856 4 0 _uhttp://www.columbia.edu/cgi-bin/cul/resolve?clio8681072
942 _2ddc
_cBK
999 _c550974
_d550974